Science Quiz

Random Science or Elements Quiz

Astronomy by Number Quiz Stats

Quiz Updated Apr 19, 2015

Challenge
Share
Tweet
Embed
Score 0/55 Timer 10:00
0 Plays Today
% Correct
Pluto
90%
Earth
89.3%
Mars
89.1%
Hydrogen
89.1%
Venus
88.3%
Mercury
87.5%
Oxygen
86.7%
Helium
85.7%
Carbon
82.4%
Nitrogen
78.4%
Io
77.3%
Moon
76.3%
Titan
69.8%
Andromeda Galaxy
67.3%
Ganymede
64.2%
Challenger
64.1%
Europa
63.2%
Iron
59.7%
Phobos
57.7%
Sirius
54.3%
Deimos
52.1%
Ceres
50.8%
Discovery
47.4%
Columbia
46.8%
Callisto
46.4%
Pisces
46.3%
Neon
43.4%
Triton
41.8%
% Correct
Silicon
38.4%
Endeavour
35.9%
Atlantis
35.3%
Eris
34.7%
Pegasus
33.4%
Enterprise
31.9%
Makemake
30.5%
Perseus
27.8%
Vega
26.4%
Rigil Kentaurus
24.7%
Rigel
24.6%
Oberon
22.7%
Haumea
22.2%
Titania
22.2%
Arcturus
19.1%
Rhea
16.2%
Canopus
12.4%
Phoenix
12%
Capella
11.1%
Puppis
10.8%
Pavo
10.4%
Pyxis
9.8%
Pictor
9.6%
Piscis Austrinus
8%
Brotherhood
7.2%
Liberty
7.1%
Equality
6.8%

You're not logged in!

Compare scores with friends on all Sporcle quizzes.
Join for Free
OR
Log In

You Might Also Like...

Show Comments

Extras

Top Quizzes Today


Score Distribution

Your Account Isn't Verified!

In order to create a playlist on Sporcle, you need to verify the email address you used during registration. Go to your Sporcle Settings to finish the process.

Report this User

Report this user for behavior that violates our Community Guidelines.

Details: